000 01665nam0a2200349 4500
001 RU\NLR\bibl\1182892
005 20260406045349.0
010 _a978-5-85066-256-1
_920000
021 _aRU
_b2007-86080
_94647
035 _aRSL-KNO-002596720
035 _a(NLR Aleph) 001169488
090 _a1588246
_c1588246
100 _a20050428d2007 |||y0rusy50 ca
101 0 _arus
102 _aRU
105 _aa |||||||||
200 1 _aЧерный камень
_e[для среднего школьного возраста]
_fАндрей Саломатов
_gхудож. Борис Пушкарев
210 _aМосква
_cСамовар
_cСамовар 1990
_d2007
215 _a157, [2] с., [10] л. цв. ил.
_cил.
_d22
225 1 _aНовые сказочные повести
610 0 _aФилологические науки. Художественная литература -- Детская литература -- Русская литература -- Издания для среднего и старшего возраста -- Фантастические романы, повести, рассказы
686 _aШ9(2)6=Р72-45
_2rubbk
686 _aШ9(2)62=Р7-2
700 1 _4070
_8rus
_7ca
_aСаломатов
_bА. В.
_f1953-
_gАндрей Васильевич
_3RU\NLR\auth\775068
_9115038
702 1 _4040
_8rus
_7ca
_aПушкарев
_bБ. С.
_cхудожник
_gБорис Семенович
_3RU\NLR\auth\7769214
_952142
801 0 _aRU
_bRuMoRKP
_c20050428
_grcr
801 1 _aRU
_bRuMoRGB
_c20050428
801 2 _aRU
_bNLR
_c20051003
_grcr
942 _cBOOK
980 _aNB